000 00528nam a2200169Ia 4500
003 IN-BaIIA
008 211028s9999 xx s 000 0 eng d
020 _a9780819451644 (Print)
020 _a9780819478672 (Online)
040 _cIIA Library
100 _aSaptari, Vidi
_940939
245 0 _aFourier-Transform Spectroscopy Instrumentation Engineering
_h[eBook]
260 _aWashington, USA
_bSPIE
_c2003
300 _aOnline resource
856 _uhttps://doi.org/10.1117/3.523499
_yClick Here to Access eBook
942 _cEB
999 _c22242
_d22242